| 000 | 00487nam a2200181Ia 4500 | ||
|---|---|---|---|
| 001 | 11670 | ||
| 005 | 20260306162845.0 | ||
| 008 | 260306t1990||||xx |||||||||||||| ||spa|| | ||
| 041 | _aESP | ||
| 082 |
_a986.602 _bC76 |
||
| 100 |
_aContreras C., Carlos _eAUT |
||
| 245 | 0 |
_aEl sector exportador de una economía colonial: _bla costa del Ecuador entre 1760 y 1820 |
|
| 260 | _c1990 | ||
| 300 |
_a192 páginas : _c21 cm. |
||
| 650 | _aGEN | ||
| 654 | _aCHU | ||
| 942 |
_cLIB _dJUS _fJUS _2ddc _n |
||
| 999 |
_c11670 _d11670 |
||